[Event "CZE-ch U12"]
[Site "Kouty nad Desnou"]
[Date "2020.03.08"]
[Round "2"]
[White "Matusik, Ondrej"]
[Black "Matus, Jakub"]
[Result "1-0"]
[WhiteElo "1482"]
[BlackElo "1240"]
[PlyCount "83"]
[EventDate "2020.03.07"]
[EventType "swiss"]
[EventRounds "7"]
[EventCountry "CZE"]
[SourceTitle "CBM 195 Extra"]
[Source "ChessBase"]
[SourceDate "2020.05.31"]
[SourceVersion "1"]
[SourceVersionDate "2020.05.31"]
[SourceQuality "1"]

1. e4 c5 2. Nf3 Nc6 3. d4 cxd4 4. Nxd4 e5 5. Nb5 d6 6. N1c3 a6 7. Na3 b5 8. Nd5 Nge7 9. Be3 Nxd5 10. Qxd5 Bb7 11. f3 Qc7 12. Qd2 Be7 13. c4 b4 14. Nc2 a5 15. b3 h6 16. Bd3 Nd8 17. h4 Ne6 18. g4 f6 19. 0-0-0 Nc5 20. Ne1 Bc8 21. Bc2 Bd7 22. Nd3 Nxd3+ 23. Qxd3 a4 24. g5 axb3 25. Bxb3 Ba4 26. Kb1 Kd7 27. gxh6 gxh6 28. Rhg1 Bxb3 29. Qxb3 Ra3 30. Qb2 Rxe3 31. Qf2 Ra3 32. c5 Ke8 33. cxd6 Bxd6 34. Qd2 Ra6 35. Rg6 Be7 36. Rxh6 Rxh6 37. Qxh6 Bf8 38. Qg6+ Qf7 39. Rd8+ Kxd8 40. Qxf7 Be7 41. h5 Kd7 42. h6 1-0

[Event "CZE-ch U10"]
[Site "Kouty nad Desnou"]
[Date "2017.03.16"]
[Round "7"]
[White "Matus, Jakub"]
[Black "Kopecky, Matej"]
[Result "1-0"]
[WhiteElo "1206"]
[BlackElo "1287"]
[PlyCount "59"]
[EventDate "2017.03.11"]
[EventType "swiss"]
[EventRounds "9"]
[EventCountry "CZE"]
[SourceTitle "CBM 177 Extra"]
[Source "ChessBase"]
[SourceDate "2017.04.27"]
[SourceVersion "1"]
[SourceVersionDate "2017.04.27"]
[SourceQuality "1"]

1. e4 c6 2. d4 d5 3. exd5 cxd5 4. c4 Nf6 5. Nc3 e6 6. Nf3 Be7 7. Bd3 dxc4 8. Bxc4 0-0 9. 0-0 Nbd7 10. a3 Nb6 11. Ba2 Nbd5 12. Bg5 Bd7 13. Qd3 Bc6 14. Rad1 Nxc3 15. bxc3 Bxa3 16. Bb1 g6 17. Ne5 Rc8 18. Rfe1 Qd5 19. f3 Nh5 20. c4 Qd6 21. c5 Bxc5 22. dxc5 Qxc5+ 23. Kh1 Bb5 24. Qb3 f6 25. Qxe6+ Kh8 26. Nf7+ Kg8 27. Nd6+ Kh8 28. Nxc8 Ng7 29. Qh3 Qf2 30. Bxg6 1-0

[Event "CZE-ch U10"]
[Site "Kouty nad Desnou"]
[Date "2017.03.15"]
[Round "6"]
[White "Matus, Jakub"]
[Black "Taus, Zdenek"]
[Result "1-0"]
[WhiteElo "1206"]
[BlackElo "1213"]
[PlyCount "105"]
[EventDate "2017.03.11"]
[EventType "swiss"]
[EventRounds "9"]
[EventCountry "CZE"]
[SourceTitle "CBM 177 Extra"]
[Source "ChessBase"]
[SourceDate "2017.04.27"]
[SourceVersion "1"]
[SourceVersionDate "2017.04.27"]
[SourceQuality "1"]

1. e4 e5 2. d4 f5 3. exf5 e4 4. Qh5+ g6 5. fxg6 Nf6 6. Qe5+ Be7 7. d5 hxg6 8. Bg5 d6 9. Qd4 c6 10. Bxf6 Bxf6 11. Qxe4+ Qe7 12. Qxe7+ Kxe7 13. Nc3 Kd8 14. 0-0-0 Re8 15. Bc4 Bf5 16. dxc6 Nxc6 17. Rxd6+ Ke7 18. Rd1 Kf8 19. Nf3 Bg7 20. Ng5 Bh6 21. h4 Rad8 22. Rxd8 Rxd8 23. Kb1 Rd2 24. Rf1 Rxc2 25. Ka1 Bg7 26. Ne6+ Kg8 27. Nd4+ Kh8 28. Nxc2 Bxc2 29. Bb3 Bf5 30. a3 Nd4 31. Ka2 Ne6 32. Bxe6 Bxe6+ 33. Kb1 Bf5+ 34. Kc1 a6 35. Re1 b5 36. Re8+ Kh7 37. Ra8 Bh6+ 38. Kd1 g5 39. hxg5 Bxg5 40. Rxa6 Bf6 41. Rxf6 Bg6 42. Nxb5 Be4 43. g3 Bd5 44. Rd6 Bg8 45. a4 Kh8 46. a5 Kh7 47. a6 Kh8 48. a7 Kh7 49. a8Q Kh8 50. Qa6 Kh7 51. Rd7+ Kh8 52. Qh6+ Bh7 53. Qxh7# 1-0

[Event "CZE-ch U10"]
[Site "Kouty nad Desnou"]
[Date "2017.03.11"]
[Round "1"]
[White "David, Adam"]
[Black "Matus, Jakub"]
[Result "0-1"]
[WhiteElo "1443"]
[BlackElo "1206"]
[PlyCount "46"]
[EventDate "2017.03.11"]
[EventType "swiss"]
[EventRounds "9"]
[EventCountry "CZE"]
[SourceTitle "CBM 177 Extra"]
[Source "ChessBase"]
[SourceDate "2017.04.27"]
[SourceVersion "1"]
[SourceVersionDate "2017.04.27"]
[SourceQuality "1"]

1. e4 e5 2. Nf3 Nc6 3. Bc4 Bc5 4. d3 Nf6 5. c3 Bb6 6. 0-0 0-0 7. b4 d6 8. a4 a6 9. Na3 Bd7 10. Bb3 Re8 11. Nc4 Ba7 12. Be3 Bxe3 13. Nxe3 Qe7 14. Qe2 Rad8 15. Rfd1 Be6 16. Bxe6 fxe6 17. Rd2 d5 18. exd5 exd5 19. Rad1 d4 20. cxd4 exd4 21. Nxd4 Nxd4 22. Qe1 Nd5 23. h3 Qg5 0-1